Wahyu Ilahi kepada Muhammad
| Main Author: | |
|---|---|
| Format: | Book |
| Published: |
Singapure :
Pustaka Nasional ,
1989
|
| Subjects: |
MARC
| LEADER | 00000cam a2200000 7i4500 | ||
|---|---|---|---|
| 001 | 0000004527 | ||
| 002 | 000004882 | ||
| 005 | 20000330.0 | ||
| 020 | |a 9971771306 | ||
| 090 | 0 | 0 | |a 297.211 |b MUH |
| 100 | 0 | |a Muhammad Rasyid Ridla | |
| 245 | 1 | 0 | |a Wahyu Ilahi kepada Muhammad |c Muhammad Rasyid Ridla ; diterjemahkan oleh J.Saifuddaulat Al-Firdausy |
| 260 | |a Singapure : |b Pustaka Nasional , |c 1989 | ||
| 300 | |a 612p. ; |c 22cm. | ||
| 650 | 0 | 0 | |a God (Islam) |
| 650 | 0 | 0 | |a Rerelation,Islam |
| 999 | |a 034615 |b BUKU |c PINJAMAN |e PERPUSTAKAAN KOMUNITI PETALING JAYA | ||